| 000 | 00464nam a22001817a 4500 | ||
|---|---|---|---|
| 003 | CEME | ||
| 005 | 20210628201746.0 | ||
| 008 | 210216b xxu||||| |||| 00| 0 eng d | ||
| 020 | _a81-203-1399-2 | ||
| 040 | _c. | ||
| 082 | _a005.3 RIC | ||
| 100 |
_aRichards, Cate _956691 |
||
| 245 | _aUsing lotus notes and domino 4.6 | ||
| 260 |
_aNEW DELHI _bPRENTICE HALL _c1998 |
||
| 300 | _aXIX,1153P | ||
| 650 |
_aLOTUS NOTES AND DOMINO 4.6 _956692 |
||
| 942 |
_cBK _2ddc |
||
| 999 |
_c567058 _d567058 |
||